Modern investment theory
Pearson Education) Intended for introductory graduate or intermediate undergraduate classes in investment management. Textbook covering portfolio theory, capital asset pricing, interest rates and bond management, and options and forward and futures. Previous edition: c1997. DLC: Investment analysis.
Zapisane w:
| 1. autor: | |
|---|---|
| Format: | Książka |
| Język: | Undetermined |
| Wydane: |
New Jersey
Prentice Hall
2001
|
| Hasła przedmiotowe: | |
| Etykiety: |
Dodaj etykietę
Nie ma etykietki, Dołącz pierwszą etykiete!
|
| Thư viện lưu trữ: | Trung tâm Học liệu Trường Đại học Cần Thơ |
|---|
| LEADER | 00824nam a2200205Ia 4500 | ||
|---|---|---|---|
| 001 | CTU_100572 | ||
| 008 | 210402s9999 xx 000 0 und d | ||
| 020 | |c 405000 | ||
| 082 | |a 332.6 | ||
| 082 | |b H371 | ||
| 100 | |a Haugen, Robert A. | ||
| 245 | 0 | |a Modern investment theory | |
| 245 | 0 | |c Robert A. Haugen | |
| 260 | |a New Jersey | ||
| 260 | |b Prentice Hall | ||
| 260 | |c 2001 | ||
| 520 | |a Pearson Education) Intended for introductory graduate or intermediate undergraduate classes in investment management. Textbook covering portfolio theory, capital asset pricing, interest rates and bond management, and options and forward and futures. Previous edition: c1997. DLC: Investment analysis. | ||
| 650 | |a Investments,Portfolio management | ||
| 904 | |i Truc | ||
| 980 | |a Trung tâm Học liệu Trường Đại học Cần Thơ | ||